000 00923nam a22002777a 4500
001 1793
003 FISKH
005 20231002080538.0
008 231002b cb ||||| |||| 00| 0 eng d
020 _a9781433901379
040 _aFISKH
_beng
_cFISKH
_dFISKH
050 _aGV1851.H8818
082 _a791.06
100 _aHutchings, Amy
245 _aWhat happen at an amusement park? /
_cBy Amy Hutchings ; Reading Consultant, Susan Nations
260 _aNew York :
_bWeekly Reader,
_c2009.
300 _a24 pages :
_bcolor illustrations ;
_c18 cm
490 _aWhere People Work
505 _aJ
520 _aTakes readers inside an amusement park to meet the many workers who help a dad and his daughter enjoy a day of fun.
521 8 _a500
_bLexile
521 8 _aJ
_bRaz-Plus
650 _aAmusement parks
_vJuvenile literature
700 _aNations, Susan
_eConsultant
942 _2ddc
_cBK
_n0
999 _c1793
_d1793